=LDR 00000nam 2200000 4500 =001 INLIS000000000033987 =005 20130612135917 =008 ***********************************ind** =035 ##$$0010-061300000033987 =041 ##$$a ind =082 ##$$a 639. 543 =090 ##$$a 639. 543, Sya b =100 ##$$a Syahio, M =245 ##$$a Budidaya uang organik secara polikultur, M. Syahid, Ali Subhan, R. Armando =260 ##$$a 2006 $b Jakarta =300 ##$$a iv,75 hlm, illus, 23 cm =650 ##$$a Udang budidaya =650 ##$$a Subahan Ali Armando, R =850 ##$$a NBPNMAT